E-leader : reinventing leadership in a connected economy

Bibliographic Details
Main Author: Hargrove, Robert
Format: Book
Language:English
Published: Cambridge, Mass. : Perseus Pub., , c2001.
Subjects:

MARC

LEADER 00000cam a2200000 7i4500
001 0000002274
005 20160921.0
008 160824 nyu eng
020 |a 0738202649 
040 |a INS 
090 0 0 |a HD57.7   |b H365 2001 
100 1 |a Hargrove, Robert 
245 1 0 |a E-leader :   |b reinventing leadership in a connected economy   |c Robert Hargrove. 
260 |a Cambridge, Mass. :   |b Perseus Pub., ,   |c c2001. 
300 |a ix, 334 p. :   |b ill. ;   |c 24 cm. 
504 |a Includes bibliographical references 
650 0 |a Leadership 
650 0 |a Organizational change 
999 |a 0000022121   |b BOOK   |c Open Shelf   |e Default branch